| 000 | 00765nmm a2200289 a 4500 | ||
|---|---|---|---|
| 003 | AR-BaBNM | ||
| 005 | 20251128210955.0 | ||
| 008 | 015020s1999 ||||||||||||||000 | spa|| | ||
| 020 | _a85-86447-23-4 | ||
| 040 | _cAR-BaBNM | ||
| 100 | 1 | _aBueno Zandoná, Clarmi | |
| 245 | 1 | 0 |
_aViajando por el Mercosur _bcurso básico de español _n1 |
| 250 | _a5ª ed. rev. e atual. | ||
| 260 |
_aItajaí _bUnivali _c1999 |
||
| 300 | 0 |
_a179 p. _bil. |
|
| 650 | 4 | _aESPANOL | |
| 650 | 4 | _aENSENANZA DE IDIOMAS | |
| 650 | 4 | _aLENGUA EXTRANJERA | |
| 650 | 4 | _aDIDACTICA | |
| 650 | 4 | _aLINGUISTICA | |
| 650 | 4 | _aMEDIOS DE ENSENANZA | |
| 650 | 4 | _aFILOLOGIA | |
| 650 | 4 | _aACTIVIDADES DE APRENDIZAJE | |
| 700 | 1 | _aDalmasso, Elsa Inés | |
| 942 | _cBK | ||
| 998 | _cme-calidad | ||
| 999 |
_c17707 _d17707 |
||